Introduction to Geomorphology (Record no. 47339)
[ view plain ]
| 000 -LEADER | |
|---|---|
| fixed length control field | 00704nam a22001937a 4500 |
| 005 - DATE AND TIME OF LATEST TRANSACTION | |
| control field | 20260313111430.0 |
| 008 - FIXED-LENGTH DATA ELEMENTS--GENERAL INFORMATION | |
| fixed length control field | 260313b |||||||| |||| 00| 0 eng d |
| 020 ## - INTERNATIONAL STANDARD BOOK NUMBER | |
| International Standard Book Number | 9788173717208 |
| 040 ## - CATALOGING SOURCE | |
| Transcribing agency | VITAP |
| 082 ## - DEWEY DECIMAL CLASSIFICATION NUMBER | |
| Edition number | 23 |
| Classification number | 551.4 KAL |
| 100 ## - MAIN ENTRY--PERSONAL NAME | |
| Personal name | Kale, Vishwas S. |
| 9 (RLIN) | 17226 |
| 245 ## - TITLE STATEMENT | |
| Title | Introduction to Geomorphology |
| Statement of responsibility, etc. | / Vishwas S. Kale |
| 260 ## - PUBLICATION, DISTRIBUTION, ETC. | |
| Place of publication, distribution, etc. | Hyderabad |
| Name of publisher, distributor, etc. | Universities Press ( India ) Pvt. Ltd. |
| Date of publication, distribution, etc. | 2010 |
| 300 ## - PHYSICAL DESCRIPTION | |
| Extent | iv, 274p, ill.: 24cm |
| 500 ## - GENERAL NOTE | |
| General note | It include index pages |
| 650 #0 - SUBJECT ADDED ENTRY--TOPICAL TERM | |
| Topical term or geographic name entry element | Geomorphology, Structure of the Earth, Geomorphic Processes, Rivers and Fluvial Landforms, Glacial Geomorphology, Desert and Aeolian Landforms etc. |
| 9 (RLIN) | 17227 |
| 700 ## - ADDED ENTRY--PERSONAL NAME | |
| Personal name | Gupta, Avijit |
| 9 (RLIN) | 17228 |
| 942 ## - ADDED ENTRY ELEMENTS (KOHA) | |
| Source of classification or shelving scheme | Dewey Decimal Classification |
| Koha item type | Text Book |
| Withdrawn status | Lost status | Source of classification or shelving scheme | Materials specified (bound volume or other part) | Damaged status | Not for loan | Collection code | Home library | Current library | Shelving location | Date acquired | Source of acquisition | Cost, normal purchase price | Inventory number | Total Checkouts | Full call number | Barcode | Date last seen | Cost, replacement price | Price effective from | Koha item type | Public note |
|---|---|---|---|---|---|---|---|---|---|---|---|---|---|---|---|---|---|---|---|---|---|
| Dewey Decimal Classification | Paper Back | Not For Loan | Reference | School of Business & General Section | VIT-AP | Reference | 2026-01-30 | Paramount Book Distributors | 675.00 | 15624 | 551.4 KAL | 025587 | 2026-03-13 | 675.00 | 2026-01-30 | Reference Book | GEN | ||||
| Dewey Decimal Classification | Paper Back | School of Business & General Section | VIT-AP | General Stacks | 2026-01-30 | Paramount Book Distributors | 675.00 | 15624 | 551.4 KAL | 025588 | 2026-03-13 | 675.00 | 2026-01-30 | Text Book | GEN |